000
00217nam a22000857a 4500
008
170327b xxu||||| |||| 00| 0 eng d
100
_9
3042
_a
Gupta.R.G.
245
_a
Manual On Mathematics-VI
260
_a
New Delhi
_b
APC
_c
2010
999
_c
6303
_d
6303